UCHATAR MADHYAMIK JIBA BIGYAN (Record no. 3568)
[ view plain ]
| 000 -LEADER | |
|---|---|
| fixed length control field | 00530cam a2200217ua 4500 |
| 008 - FIXED-LENGTH DATA ELEMENTS--GENERAL INFORMATION | |
| fixed length control field | 160701n1989 II |||gr||||Z||||||asm |
| 040 ## - CATALOGING SOURCE | |
| Original cataloging agency | MAIN |
| 041 ## - LANGUAGE CODE | |
| -- | English |
| 082 ## - DEWEY DECIMAL CLASSIFICATION NUMBER | |
| Classification number | 580 BHO |
| 082 ## - DEWEY DECIMAL CLASSIFICATION NUMBER | |
| Classification number | 580 BHA |
| 100 ## - MAIN ENTRY--PERSONAL NAME | |
| Personal name | BHARALI, JOKHUDA NANDA. |
| 245 ## - TITLE STATEMENT | |
| Title | UCHATAR MADHYAMIK JIBA BIGYAN |
| 250 ## - EDITION STATEMENT | |
| Edition statement | 1st. |
| 260 ## - PUBLICATION, DISTRIBUTION, ETC. | |
| Place of publication, distribution, etc. | GUWAHATI |
| Name of publisher, distributor, etc. | PRAGYAN PRAKASHAN |
| Date of publication, distribution, etc. | 1989 |
| 300 ## - PHYSICAL DESCRIPTION | |
| Extent | 552.: |
| Dimensions | 24CM. |
| 700 ## - ADDED ENTRY--PERSONAL NAME | |
| Personal name | BHARALI, JOKHUDA NANDA., |
| Relator term | Author. |
| 700 ## - ADDED ENTRY--PERSONAL NAME | |
| Personal name | DAS, RANJIT. |
| 942 ## - ADDED ENTRY ELEMENTS (KOHA) | |
| Koha item type | Books |
| 653 ## - INDEX TERM--UNCONTROLLED | |
| Uncontrolled term | Plants (Botany) |
| Withdrawn status | Lost status | Damaged status | Not for loan | Collection code | Home library | Current library | Shelving location | Date acquired | Full call number | Barcode | Date last seen | Copy number | Price effective from | Koha item type | Public note |
|---|---|---|---|---|---|---|---|---|---|---|---|---|---|---|---|
| TBBOT | Central Library and Information Centre Sibsagar Girls College | Central Library and Information Centre Sibsagar Girls College | Botany Rack | 07.03.1985 | 580 BHO | 11678 | 27.02.2020 | 1 | 27.02.2020 | Books | |||||
| TBBOT | Central Library and Information Centre Sibsagar Girls College | Central Library and Information Centre Sibsagar Girls College | Botany Rack | 07.03.1985 | 580 BHA | 11679 | 27.02.2020 | 2 | 27.02.2020 | Books | |||||
| Withdrawn | REFBOT | Central Library and Information Centre Sibsagar Girls College | Central Library and Information Centre Sibsagar Girls College | Withdraw items | 07.03.1985 | 580 BHA | 11680 | 27.02.2020 | 3 | 27.02.2020 | Books | V |